000 00449nam a2200217Ia 4500
001 109690
003 YMCAF
005 20230512162400.0
008 100717s2003 ||||||||||||||||| ||und|d
024 _a109690
035 _aWB677
040 _aYMCAF
_beng
_cIN-KoLT
041 _aeng
082 _a005.74
_bROB
100 _aRob, Peter
245 0 _aDatabase
260 _bTMH
_c2003
300 _a669
500 _aWith CD
942 _2ddc
_cBK
999 _c11591
_d11591